|
|
|
|
| LEADER |
00906nam a2200253 u 4500 |
| 001 |
10105604 |
| 003 |
upatras |
| 005 |
20210831104331.0 |
| 008 |
000307s eng |
| 020 |
|
|
|a 0 672 31341 3
|
| 040 |
|
|
|a Βιβλιοθήκη ΙΤΥ
|c Βιβλιοθήκη ΙΤΥ
|
| 040 |
|
|
|a XX-XxUND
|c Βιβλιοθήκη ΙΤΥ
|
| 082 |
0 |
4 |
|a 005.8
|
| 245 |
1 |
0 |
|a Maximum security
|b A hacker's guide to protecting your Internet Site and Network
|c Anomymous
|
| 250 |
|
|
|a 2nd ed.
|
| 260 |
|
|
|a Indianapolis
|b SAMS
|c 1998
|
| 500 |
|
|
|a ΤΔΤ
|
| 650 |
|
4 |
|a ΤΔΤ
|9 123884
|
| 650 |
|
4 |
|a Ασφάλεια ηλεκτρονικών υπολογιστών
|9 2048
|
| 650 |
|
4 |
|a HACKING
|9 118447
|
| 852 |
|
|
|a GR-PaULI
|b ΠΑΤΡΑ
|b ΤΜΗΥΠ
|h 005.8
|t 1
|
| 942 |
|
|
|2 ddc
|
| 952 |
|
|
|0 0
|1 0
|4 0
|6 005_800000000000000
|7 0
|9 137983
|a CEID
|b CEID
|d 2016-04-24
|l 0
|o 005.8
|r 2016-04-24 00:00:00
|t 1
|w 2016-04-24
|
| 999 |
|
|
|c 90297
|d 90297
|